Statistics for Destiny Lore

Click here to take the quiz!

General Stats

  • This quiz has been taken 193 times
  • The average score is 5 of 10

Answer Stats

HintAnswer% Correct
[True/False] All three Vanguard representatives were formerly Crucible champions.True
93%
How many confirmed Iron Lords are there?10
85%
Who led the counter attack at the Battle of Twilight Gap?Lord Shaxx
80%
Who wielded Thorn?Dredgen Yor
78%
How many Orders of Titans held Six Fronts?4
69%
What is the Queen's brother's full name?Uldren Sov
53%
Who is the only surviving frame from the Battle of Twilight Gap?Arcite 99-40
29%
What is the full name of the first Guardian?Rezyl Azzir
25%
What faction is Osiris a part of?The Cult of Osiris
24%
Who did Jaren Ward kill when he said "Yours, not mine"?Loken
12%

Score Distribution

Percentile by Number Answered

Percent of People with Each Score

Your Score History

You have not taken this quiz